Els Diplomes carolingis a Catalunya / [editats] per Ramon d'Abadal i de Vinyals
Descripción Física:
2 v., XXXIX, 590 p., [6] map. pleg. ; 28 cm
Colección:
Catalunya carolingia ; 2
Otros Autores:
Abadal i Calderó, Ramon d', 1862-1945
MARC
| LEADER | 00000nam a2200000Ia 4500 | ||
|---|---|---|---|
| 001 | 13929, 13930 | ||
| 003 | BGR | ||
| 005 | 20260324175629.0 | ||
| 008 | 160829s1926 - 1952 xx 000 0 cat d | ||
| 080 | |a H-2-139, H-2-140 | ||
| 245 | |a Els Diplomes carolingis a Catalunya / [editats] per Ramon d'Abadal i de Vinyals | ||
| 260 | |a Genève : |b Institució Patxot de Catalunya, |c 1926 - 1952 | ||
| 300 | |a 2 v., XXXIX, 590 p., [6] map. pleg. ; |c 28 cm | ||
| 490 | |a Catalunya carolingia ; 2 | ||
| 590 | |a Taula cronològica dels documents. | ||
| 590 | |a Bibliografia. | ||
| 590 | |a Índex | ||
| 650 | |a Catalunya |x Història |x S. VIII/XI |x Fonts |9 35817 | ||
| 650 | |a Carolingis |9 25125 | ||
| 700 | 1 | |a Abadal i Calderó, Ramon d', |d 1862-1945 |e editor literari |9 34761 | |
| 710 | 2 | |a Institució Patxot |9 71069 | |
| 901 | |a Arxiu | ||
| 942 | |n 1 |2 udc |c MON | ||
| 952 | |0 0 |1 0 |4 0 |6 H2139_H2140 |7 1 |9 47084 |a Arxiu |b Arxiu |d 2016-12-01 |l 0 |o H-2-139, H-2-140 |p 13929, 13930 |r 2016-12-01 00:00:00 |w 2016-12-01 |y ARXIU | ||
| 999 | |c 50878 |d 50878 | ||